Score 0/101 Timer 18:00
13 Plays Today
% Correct
Tom Hanks
81.5%
Sylvester Stallone
80.3%
Jim Carrey
79.3%
Mike Myers
77.6%
Adam Sandler
76.6%
Brad Pitt
76.2%
Ben Stiller
76%
Angelina Jolie
74.7%
Renée Zellweger
74.7%
George Clooney
74%
Matt Damon
73.8%
Clint Eastwood
72.7%
Robert Downey Jr.
72.6%
Antonio Banderas
70.8%
Arnold Schwarzenegger
68.9%
Tom Cruise
66.8%
Kevin James
66.4%
Jamie Foxx
66%
Hugh Jackman
65.8%
Will Ferrell
65.4%
Jack Black
64.9%
Steve Carell
64.9%
Simon Pegg
61.4%
Jennifer Aniston
59.9%
Paul Hogan
59.5%
Jake Gyllenhaal
59.1%
Rob Schneider
58.7%
Vin Diesel
58.5%
Denzel Washington
56.7%
Pierce Brosnan
56.3%
Michael Cera
56%
Samuel L. Jackson
55.8%
Russell Crowe
55.2%
Kirk Douglas
54.3%
% Correct
Woody Harrelson
53.8%
Will Smith
53.7%
Al Pacino
53.4%
Chevy Chase
52.5%
Chris Farley
52%
Dustin Hoffman
52%
Jack Nicholson
51%
Jon Heder
50.9%
John Travolta
50.3%
David Carradine
50%
Kristen Bell
49.7%
David Spade
49.7%
Megan Fox
49.5%
Robert Englund
49.4%
Pam Grier
49.1%
Leonardo DiCaprio
48.7%
John C. Reilly
47.7%
John Cusack
47.1%
Jean Reno
47.1%
Bill Murray
46.2%
Johnny Depp
45.4%
Warren Beatty
44.2%
Gary Oldman
43.7%
Colin Farrell
43.3%
Bruce Willis
42.6%
Richard Pryor
41.2%
Anthony Hopkins
40.6%
Alexander Skarsgård
40.6%
Harrison Ford
40.1%
Brendan Fraser
40.1%
Liam Neeson
39.8%
Kristy Swanson
39.3%
Ricardo Montalban
38.3%
Warwick Davis
38.3%
% Correct
Russell Brand
37.6%
John Goodman
37.6%
Jason Scott Lee
37.1%
Matthew McConaughey
36.2%
Julia Roberts
34.5%
Tom Hulce
34.1%
Dane Cook
33.7%
Clive Owen
33.5%
Mel Gibson
33.3%
Marlon Brando
32.6%
Will Forte
32.2%
John Candy
31.2%
Julia Ormond
31%
John Turturro
30.9%
Milla Jovovich
30.1%
Chuck Norris
26.9%
Kevin Costner
26.8%
Nicholas Hoult
25.5%
Franka Potente
25.5%
Michael York
25.4%
Robin Williams
24.8%
Eddie Murphy
23.1%
Steve Martin
21.9%
Bette Midler
21.1%
Helen Slater
20.5%
Rob Lowe
18.8%
Christopher Plummer
16.6%
Terry Kiser
16.3%
Robin Wright
16.3%
Tom Selleck
15.8%
Fred Ward
15.4%
David Huddleston
13.7%
Emilio Estevez
9.9%
Come Together.
Have Fun.
All Virtual.
We all need to come together. Play Sporcle's virtual live trivia to have fun, connect with people, and get your trivia on. Join a live hosted trivia game for your favorite pub trivia experience done virtually. If a virtual private party is more your thing, go here for details.

You're not logged in!

Compare scores with friends on all Sporcle quizzes.
OR
Log In

Sporcle TV

Today on Sporcle TV


Watch our educational content, quiz creation guides, and fun videos on Sporcle TV.

Show Comments

Extras

Top Quizzes Today


Score Distribution

Paid Content

Your Account Isn't Verified!

In order to create a playlist on Sporcle, you need to verify the email address you used during registration. Go to your Sporcle Settings to finish the process.

Report this User

Report this user for behavior that violates our Community Guidelines.

Details: